Statistics for Random Border Crossings Quiz

Click here to take the quiz!

General Stats

  • This quiz has been taken 56 times
  • The average score is 22 of 24

Answer Stats

Start InTravelCountry% Correct
BoliviaNorthBrazil
100%
SurinameSouthBrazil
100%
RomaniaSouthBulgaria
100%
RwandaSouthBurundi
100%
ArgentinaWestChile
100%
MyanmarNorthChina
100%
NepalSouthChina
100%
NepalNorthChina
100%
PanamaEastColombia
100%
PanamaWestCosta Rica
100%
ZambiaNorthD.R. Congo
100%
AngolaNorthD.R. Congo
100%
SudanNorthEgypt
100%
TogoWestGhana
100%
Dominican RepublicEastHaiti
100%
BangladeshNorthIndia
100%
Papua New GuineaWestIndonesia
100%
East TimorWestIndonesia
100%
TurkmenistanSouthIran
100%
San MarinoAny DirectionItaly
100%
CambodiaNorthLaos
100%
ThailandNorthLaos
100%
IndonesiaNorthMalaysia
100%
BruneiSouthMalaysia
100%
Burkina FasoNorthMali
100%
United StatesSouthMexico
100%
ChinaEastNorth Korea
100%
South KoreaNorthNorth Korea
100%
IndiaWestPakistan
100%
KazakhstanWestRussia
100%
UgandaSouthRwanda
100%
JordanSouthSaudi Arabia
100%
United Arab EmiratesWestSaudi Arabia
100%
SudanSouthSouth Sudan
100%
FranceSouthSpain
100%
ChadEastSudan
100%
NorwayEastSweden
100%
MalaysiaNorthThailand
100%
BeninWestTogo
100%
EthiopiaNorthEritrea
88%
BotswanaWestNamibia
88%
NigerSouthNigeria
83%
R. CongoWestGabon
80%
GambiaNorthSenegal
80%
GhanaNorthBurkina Faso
71%
IraqSouthSaudi Arabia
67%

Score Distribution

Percentile by Number Answered

Percent of People with Each Score

Your Score History

You have not taken this quiz